Ciel - Gims (Mort subite) - Statistiques

Statistiques générales
  • Ce quiz a été pris 1 270 fois
  • Le résultat moyen est 4 sur 16
Answers on the Grid
Answers color-coded by a green-red scale on the quiz's grid according to % correct below.
Siennes
Vue
Envie
Fosse
Garde
Images
Dire
Galères
Menti
Jour
Bouts
Doutes
Fasse
Partout
Grand
Hanté
Mienne
Croix
Misères
Coups
Face
Partis
Vécu
Découverte
 
Statistiques - réponses
Réponse % Correct
Siennes
73%
Vue
43%
Fasse
28%
Envie
24%
Dire
23%
Galères
21%
Menti
21%
Fosse
19%
Jour
19%
Doutes
18%
Hanté
15%
Images
13%
Partout
13%
Grand
11%
Bouts
9%
Garde
9%
Aucun quiz correspondant
Distribution des résultats
% des personnes avec chaque résultat
Percentile par nombre de réponses
Votre historique - résultats
Vous n’avez pas pris ce quiz